| Tag |
First Indicator |
Second Indicator |
Subfields |
| LEADER |
00000cam a2200000 a 4500 |
| 001 |
in00001406080 |
| 005 |
20151020072407.0 |
| 008 |
961021s1968 nyua j 000 1 eng d |
| 020 |
|
|
|a 0027860302
|
| 035 |
|
|
|a (OCoLC)35768715
|
| 035 |
|
|
|9 AHQ2814AM
|
| 040 |
|
|
|a PIT
|c PIT
|d TXA
|d UtOrBLW
|
| 049 |
|
|
|a TXAM
|
| 090 |
|
|
|a PZ8.1.S75
|b Cal 1968
|
| 100 |
1 |
|
|a Sperry, Armstrong,
|d 1897-1976.
|
| 245 |
1 |
0 |
|a Call it courage /
|c Armstrong Sperry ; illustrations by the author.
|
| 264 |
|
1 |
|a New York :
|b Simon & Schuster Books for Young Readers,
|c [1968]
|
| 264 |
|
4 |
|c ©1968
|
| 300 |
|
|
|a 95 pages :
|b illustrations ;
|c 24 cm.
|
| 336 |
|
|
|a text
|b txt
|2 rdacontent
|
| 337 |
|
|
|a unmediated
|b n
|2 rdamedia
|
| 338 |
|
|
|a volume
|b nc
|2 rdacarrier
|
| 520 |
|
|
|a Based on a Polynesian legend, this is the story of a youth who overcomes his fear of the sea and proves his courage to himself and his tribe.
|
| 586 |
|
|
|a Newbery Medal, 1941
|
| 650 |
|
1 |
|a Folklore
|x Polynesia.
|
| 650 |
|
1 |
|a Courage
|x Folklore.
|
| 650 |
|
1 |
|a Survival
|x Folklore.
|
| 650 |
|
0 |
|a Survival
|v Fiction.
|
| 651 |
|
0 |
|a Polynesia
|x Fiction.
|
| 948 |
|
|
|a c:ce
|
| 999 |
|
|
|a MARS
|
| 999 |
f |
f |
|s 7ceb14c0-a9c0-38ec-b86d-d0f065c30b57
|i 01649ce5-1fee-320f-93e4-a2a587f482e4
|t 0
|
| 952 |
f |
f |
|p normal
|a Texas A&M University
|b College Station
|c Sterling C. Evans Library
|d Evans: Curriculum Collection (4th floor)
|t 0
|e PZ8.1.S75 Cal 1968
|h Library of Congress classification
|i unmediated -- volume
|m A14833809888
|
| 998 |
f |
f |
|a PZ8.1.S75 Cal 1968
|t 0
|l Evans: Curriculum Collection (4th floor)
|